Tagung der Deutschen Landesgruppe / 25 zu Frankfurt a. M. am 12. und 13. September 1932
| Format: | Print Book |
|---|---|
| Language: | German French |
| Published: |
1933
|
| In: |
Tagung der Deutschen Landesgruppe
Year: 1933 |
| Availability in Tübingen: | Present in Tübingen. UB: Hi 963 a;NF-6.1933 |
| Check availability: | HBZ Gateway |
| Subito Delivery Service: | Order now. |
MARC
| LEADER | 00000cam a2200000 cc4500 | ||
|---|---|---|---|
| 001 | 1183911173 | ||
| 003 | DE-627 | ||
| 005 | 20250613134827.0 | ||
| 007 | tu | ||
| 008 | 041013s1933 xx ||||| 00| ||ger c | ||
| 035 | |a (DE-627)1183911173 | ||
| 035 | |a (DE-576)113911173 | ||
| 035 | |a (DE-599)BSZ113911173 | ||
| 040 | |a DE-627 |b ger |c DE-627 |e rakwb | ||
| 041 | |a ger |a fre | ||
| 245 | 0 | 0 | |a Tagung der Deutschen Landesgruppe |n 25 |p zu Frankfurt a. M. am 12. und 13. September 1932 |
| 264 | 1 | |c 1933 | |
| 336 | |a Text |b txt |2 rdacontent | ||
| 337 | |a ohne Hilfsmittel zu benutzen |b n |2 rdamedia | ||
| 338 | |a Band |b nc |2 rdacarrier | ||
| 490 | 1 | |a Mitteilungen der Internationalen Kriminalistischen Vereinigung |v N.F., 6 | |
| 500 | |a Beitr. teilw. in dt. u. franz | ||
| 773 | 1 | 8 | |a Tagung der Deutschen Landesgruppe |w (DE-627)130170607 |w (DE-576)015715019 |w (DE-600)520658-3 |g 25 |q 1933,25 |7 nnas |
| 810 | 2 | |a International Union of Penal Law |t Mitteilungen der Internationalen Kriminalistischen Vereinigung |v N.F., 6 |9 1933,1006 |w (DE-627)129490938 |w (DE-576)014885220 |w (DE-600)206182-X |x 2365-4694 |7 am | |
| 935 | |h SWB |i vSatz | ||
| 951 | |a JV | ||
| ELC | |b 1 | ||
| LOK | |0 000 xxxxxcx a22 zn 4500 | ||
| LOK | |0 001 4535310882 | ||
| LOK | |0 003 DE-627 | ||
| LOK | |0 004 1183911173 | ||
| LOK | |0 005 20240606205548 | ||
| LOK | |0 008 240606||||||||||||||||ger||||||| | ||
| LOK | |0 040 |a DE-21 |c DE-627 |d DE-21 | ||
| LOK | |0 852 |a DE-21 | ||
| LOK | |0 852 1 |c Hi 963 a;NF-6.1933 |9 00 | ||
| LOK | |0 935 |a dika |a krim | ||
| LOK | |0 939 |a 06-06-24 |b l01 | ||
| ORI | |a SA-MARC-krimdoka001.raw | ||
| SIG | |a UB: Hi 963 a;NF-6.1933 | ||
